00810nam a22002297a 450000500170000001000130001702000100003003500130004003700160005304000120006908200240008110000390010524500770014424600380022126000710025927000660033030000610039665000430045765000420050065000210054265000170056320170124103104.0 aA-151760 c25.00 aA-151760 bCen Lib/Ret aDPLbHN aउ bराघव  aराघव, रांगेय  aदेवकी का बेटा /c रांगेय राघव aDevki ka beta bby Rangey Ragahv  aदिल्ली bराजपाल एंड संस c1983 aकश्मीरी गेट bदिल्ली e110006 a121पृष्ठ. c20सेमी(सजिल्द) aहिंदी साहित्य  aहिंदीउपन्यास  aHindi literature aHindi novel